Μια ελληνική οδύσσεια στην αμερικανική δύση

Αποθηκεύτηκε σε:
Λεπτομέρειες βιβλιογραφικής εγγραφής
Κύριος συγγραφέας: Papanikolas, Helen, 1917-2004
Άλλοι συγγραφείς: Μακρόπουλος, Μιχάλης, 1965- (Μεταφραστής)
Μορφή: Βιβλίο
Γλώσσα:Greek
English
Δημοσίευση: Αθήνα : Εστία, 2006.
Έκδοση:2η έκδ.
Σειρά:Μαρτυρίες (Εστία)
Θέματα:
Ετικέτες: Προσθήκη ετικέτας
Δεν υπάρχουν, Καταχωρήστε ετικέτα πρώτοι!

MARC

LEADER 00000cam a2200000 i 4500
001 1/79014
008 080327s2006 gr | ||| |||| ||gre||
020 |a 9600511918 
035 |l 10095861 
040 |a GR-MyUA  |b gre  |e AACR2 
041 1 |a gre  |h eng 
082 7 |a 305.8893073   |2 (22) 
100 1 |a Papanikolas, Helen,   |d 1917-2004. 
245 1 0 |a Μια ελληνική οδύσσεια στην αμερικανική δύση /   |c Ελένη Παπανικόλα ; μετάφραση Μιχάλης Μακρόπουλος.  
250 |a 2η έκδ.  
260 |a Αθήνα :   |b Εστία,   |c 2006.  
300 |a 391 σ. :   |b εικ. ;   |c 24 εκ.  
490 1 |a (Μαρτυρίες / Εστία)  
500 |a Τίτλος πρωτοτύπου: A Greek odyssey in the American West.  
504 |a Περιέχει βιβλιογραφικές παραπομπές.  
650 0 0 |a Greeks  |z United States  |x History  |y 20th century. 
650 0 0 |a Greeks  |z Utah  |x History  |y 20th century. 
650 0 0 |a Immigrants  |z United States  |x History  |y 20th century. 
700 1 |a Μακρόπουλος, Μιχάλης,   |d 1965-  |e trl 
765 0 8 |i Μετάφραση του:   |t A Greek odyssey in the American West /  
830 0 |a Μαρτυρίες (Εστία) 
852 |a INST  |b LESVOS  |e 20080327  |h 305.8893073 PAP  |p 005100039452  |q 005100039452  |t BK  |y 0 
901 |a BIBL1-2008-1 
922 |a 1ΕΛΗ  |b 200711  |c ΕΠΕΑΕΚ2/ΤΚΑ  |d Σ. ΠΑΤΑΚΗΣ 
970 |a ΚΑΡΑ  |b ΓΙΑΣΕΜΗ  |z 2008/03/27